00225nam a2200097Ia 4500008004100000100001600041245003200057260001700089260000900106546001200115170619s9999 xx 000 0 und d aKingsley- S 0aUnderstanding Radar Systems bStandard PUB c2001 aENGLISH